Phương pháp tẩy vết dơ trên vải quần áo và vật dụng gia đình
Uloženo v:
| Hlavní autor: | |
|---|---|
| Médium: | Kniha |
| Jazyk: | Undetermined |
| Vydáno: |
Tp. HCM
Trẻ
1992
|
| Témata: | |
| Tagy: |
Přidat tag
Žádné tagy, Buďte první, kdo otaguje tento záznam!
|
| Thư viện lưu trữ: | Trung tâm Học liệu Trường Đại học Cần Thơ |
|---|
| LEADER | 00550nam a2200181Ia 4500 | ||
|---|---|---|---|
| 001 | CTU_14604 | ||
| 008 | 210402s9999 xx 000 0 und d | ||
| 082 | |a 646.6 | ||
| 082 | |b H105 | ||
| 100 | |a Hàn Chi | ||
| 245 | 0 | |a Phương pháp tẩy vết dơ trên vải quần áo và vật dụng gia đình | |
| 245 | 0 | |c Hàn Chi | |
| 260 | |a Tp. HCM | ||
| 260 | |b Trẻ | ||
| 260 | |c 1992 | ||
| 650 | |a clothing and dress - cleaning,home economics | ||
| 904 | |i Minh, 970106 | ||
| 980 | |a Trung tâm Học liệu Trường Đại học Cần Thơ | ||